| Поле | Инд. | ПП | Название | Значение |
|---|---|---|---|---|
| Тип записи | a | |||
| Библиографический уровень | b | |||
| 001 | Контрольный номер | RU/IS/BASE/257003256 | ||
| 005 | Дата корректировки | 20200608194404.0 | ||
| 008 | Кодируемые данные | 20080222 | ||
| 040 | b | Код языка каталог. | rus | |
| e | Правила каталог. | PSBO | ||
| 041 | 0_ | a | Код языка текста | rus |
| 084 | a | Индекс другой классификации/Индекс ББК | 63.3(2)534-3-72 | |
| 100 | 1_ | a | Автор | Терешина Е. П. |
| 245 | 10 | a | Заглавие | Отношение населения Поволжья к Первой мировой войне |
| 504 | a | Библиография | Лит. в примеч. | |
| 650 | a | Основная рубрика | внутренняя политика | |
| a | Основная рубрика | история | ||
| 653 | a | Ключевые слова | XX век | |
| a | Ключевые слова | войны | ||
| a | Ключевые слова | общественное мнение | ||
| a | Ключевые слова | общественно-политическая жизнь | ||
| a | Ключевые слова | отношение к войне | ||
| a | Ключевые слова | патриотизм | ||
| a | Ключевые слова | Первая мировая война 1914-1918 | ||
| a | Ключевые слова | Поволжье | ||
| a | Ключевые слова | Россия | ||
| a | Ключевые слова | средства массовой информации (СМИ) | ||
| 773 | 0_ | t | Заглавие источника | Вопросы истории |
| d | Дата издания источника | 2007 | ||
| g | Прочая информация | № 11. - С. 143 - 145 | ||
| w | Контрольный № источника | RU/IS/BASE/254497905 | ||
| 901 | t | Тип документа | b |